The Flash Villains - Statistics

General Stats
  • This quiz has been taken 468 times
  • The average score is 5 of 10
Answer Stats
Villain % Correct
Reverse Flash
96%
Zoom
86%
Captain Cold
62%
Gorilla Grodd
41%
Heat Wave
41%
Mirror Master
35%
Captain Boomerang
34%
Weather Wizard
27%
Trickster
23%
Pied Piper
12%
No matching quizzes found
Score Distribution
Percent of People with Each Score
Percentile by Number Answered
Your Score History
You have not taken this quiz